| 000 | 00541nam a2200181Ia 4500 | ||
|---|---|---|---|
| 008 | 240925s9999 xx 000 0 und d | ||
| 020 | _a8175150823 | ||
| 082 | _a005.133 NIE | ||
| 100 | _aNielsen, Kjell | ||
| 245 | 0 | _aObject Oriented Development with C++: a sofrware engineering approach | |
| 250 | _aNA | ||
| 260 |
_aNew Delhi: _bGalgotia Publication _c,1998. |
||
| 300 |
_a658p. _bNA _fPirated |
||
| 500 | _aIncludes Index | ||
| 600 | _aEngineering Technology | ||
| 650 | _aComputer science, information & general works | ||
| 942 | _cBK | ||
| 999 |
_c6587 _d6587 |
||